LEADER 02277nam0 22005173i 450 001 RML0138751 005 20231121125656.0 010 $a8802022763 100 $a20040330d1974 ||||0itac50 ba 101 | $aita 102 $ait 181 1$6z01$ai $bxxxe 182 1$6z01$an 200 1 $aVersione dell'Eneide$fdi Annibal Caro$ga cura di Arturo Pompeati 205 $aRist 210 $aTorino$cUnione tipografico-editrice torinese$dstampa 1974 215 $a521 p., [6] c. di tav.$d24 cm. 225 | $aClassici italiani$v34/1 410 0$1001CFI0032661$12001 $aClassici italiani$v34/1 676 $a851.4$9POESIA ITALIANA, 1542-1585$v21 676 $a873.01$9Narrativa e poesia epica latina. Origini-499.$v21 700 1$aVergilius Maro$b, Publius$3CFIV008978$4070$07260 702 1$aCaro$b, Annibale$3RAVV002983 702 1$aPompeati$b, Arturo$3RAVV065272 790 1$aVirgilio Marone$b, Publio$3CFIV008979$zVergilius Maro, Publius 790 0$aVirgilio$c <70-19 a.C.>$3CFIV008980$zVergilius Maro, Publius 790 0$aVirgilius$c <70-19 a.C.>$3RAVV097791$zVergilius Maro, Publius 790 1$aVirgilio$b, Publio Marone$3SBNV028729$zVergilius Maro, Publius 790 0$aVergilius$c <70-19 a.C.>$3SBNV036222$zVergilius Maro, Publius 790 1$aVirgilius Maro$b, Publius$3SBNV036239$zVergilius Maro, Publius 790 0$aPasquino$c $3BVEV033583$zCaro, Annibale 790 0$aPredella$3BVEV035656$zCaro, Annibale 790 0$aBuratto$3BVEV035667$zCaro, Annibale 790 0$aFedocco$3BVEV035668$zCaro, Annibale 790 0$aAgresto : da Ficaruolo$3RAVV051590$zCaro, Annibale 790 1$aCaro$b, Annibal$3RT1V040069$zCaro, Annibale 790 1$aPompeati Luchini$b, Arturo$3MUSV052686$zPompeati, Arturo 801 3$aIT$bIT-01$c20040330 850 $aIT-FR0084 $aIT-FR0017 899 $aBiblioteca Del Monumento Nazionale Di Montecassino$bFR0084 899 $aBiblioteca umanistica Giorgio Aprea$bFR0017 $eN 912 $aRML0138751 950 0$aBiblioteca umanistica Giorgio Aprea$d 52S.L. 850 UTET Car.1$e 52MAG0000153975 VMN RS $fC $h20150720$i20150720 977 $a 25$a 52 996 $aVersione dell'Eneide$93617394 997 $aUNICAS